Programas de atención a estudiantes indígenas en educación superior en América Central : (Record no. 185275)

MARC details
000 -CABECERA
campo de control de longitud fija 00814nam a2200217 u 4500
005 - FECHA Y HORA DE LA ÚLTIMA TRANSACCIÓN
campo de control 20240418063736.0
008 - ELEMENTOS DE LONGITUD FIJA--INFORMACIÓN GENERAL
campo de control de longitud fija 160912s2010 mx 000 0 spa d
020 ## - NÚMERO INTERNACIONAL NORMALIZADO PARA LIBROS
Número Internacional Estándar del Libro 9786077700845 (Juan Pablos)
020 ## - NÚMERO INTERNACIONAL NORMALIZADO PARA LIBROS
Número Internacional Estándar del Libro 9786079023041 (Cinvestav)
035 ## - NÚMERO DE CONTROL DEL SISTEMA
Número de control de sistema UPN01000213175
049 ## - COLECCIÓN
Colección CG
050 #4 - SIGNATURA TOPOGRÁFICA DE LA BIBLIOTECA DEL CONGRESO
Número de clasificación F1434.2 E3.8
Número de documento/Ítem D5.6
100 1# - ASIENTO PRINCIPAL--NOMBRE PERSONAL
Nombre de persona Didou Aupetit, Sylvie
9 (RLIN) 30804
245 10 - MENCIÓN DE TÍTULO
Título Programas de atención a estudiantes indígenas en educación superior en América Central :
Resto del título los sellos institucionales /
Mención de responsabilidad, etc. Sylvie Didou Aupetit, Eduardo Remedi Allione.
260 ## - PUBLICACIÓN, DISTRIBUCIÓN, ETC.
Lugar de publicación, distribución, etc. México :
Nombre del editor, distribuidor, etc. CINVESTAV :
-- Juan Pablos,
Fecha de publicación, distribución, etc. 2010.
300 ## - DESCRIPCIÓN FÍSICA
Extensión 243 p. :
Otras características físicas cuadros
650 #4 - ASIENTO SECUNDARIO DE MATERIA - TERMINO TEMATICO
Término de materia o nombre geográfico como elemento de entrada Indígenas de América Central
Subdivisión general Educación superior
9 (RLIN) 25377
700 1# - ASIENTO SECUNDARIO--NOMBRE DE PERSONAL
Nombre de persona Remedi, Eduardo,
Fechas asociadas al nombre 1949-2016
Término indicativo de función/relación coaut.
9 (RLIN) 43153
905 ## - TIPO DE MATERIAL
Tipo de material Libro
Holdings
Estado de retiro Estado de pérdida Fuente del sistema de clasificación o colocación Estado dañado No para préstamo Código de colección Localización permanente Ubicación/localización actual Ubicación en estantería Fecha de adquisición Total de préstamos Clasificación Código de barras Fecha visto por última vez Número de copia Tipo de ítem Koha Fecha del último préstamo
    Library of Congress Classification     Colección General Bib. Gregorio Torres Quintero Bib. Gregorio Torres Quintero Planta baja 06/03/2023 1 F1434.2 E3.8 D5.6 313502 31/12/2020 Ej.1 Libro  
    Library of Congress Classification     Colección General Bib. Gregorio Torres Quintero Bib. Gregorio Torres Quintero Planta baja 30/03/2023 2 F1434.2 E3.8 D5.6 313503 17/04/2023 1 Libro 30/03/2023